| 000 | 005700000a22001810004500 | ||
|---|---|---|---|
| 003 | MACL | ||
| 005 | 20160517172359.0 | ||
| 008 | 160517b xxu||||| |||| 00| 0 eng d | ||
| 040 |
_aMACL _cMACL |
||
| 041 | _aHindi | ||
| 082 | _a891.433 | ||
| 100 |
_aसत्यप्रकाश _957749 |
||
| 245 |
_aचन्द्रमौलि का रक्तबीज _cसत्यप्रकाश |
||
| 260 |
_bअतिश प्रकाशन _c1997 _aदिल्ली |
||
| 350 | _a90 | ||
| 650 |
_aStory _957751 |
||
| 942 |
_cHIN _k891.433/SAT/S _2ddc |
||
| 999 |
_c9869 _d9869 |
||